00308nam a2200097Ia 45000010005000000080041000050820022000461000090000682450022001582600030001802986241024s9999 xx 000 0 und d aRD/374/R426j/2013 aRepública Dominicana, Junta Nacional de Alfabetización, Equipo Técnico Nacional 0aInforme de Avance bSanto Domingo, 2013c2013